Capitals Starting with 'V' - Statistics

General Stats
  • This quiz has been taken 258 times
  • The average score is 6 of 7
Answer Stats
Continent Capital % Correct
Europe Vaduz
92%
Europe Vilnius
92%
Europe Vienna
91%
Europe Vatican City
89%
Europe Valletta
86%
Asia Vientiane
83%
Africa Victoria
75%
No matching quizzes found
Score Distribution
Percent of People with Each Score
Percentile by Number Answered
Your Score History
You have not taken this quiz